1503 1491 1350 1337 1763 1976 1998 1826 1013 1882 1516 1015 1333 1646 1534 1347 1282 1455 1543 1429 1307 1932 1046 1005 1419 1002 1015 1989 1100 1873 1949 1671 1057 1862 1918 1907 1695 1530 1597 1802 1422 1951 1822 1785 1573 1557 1878 1752 1353 1536 1905 1495 1282 1341 1561 1895 1948 1420 1784 1693 1863 1878 1477 1676 1244 1100 1656 1748 1622 1817 1232 1165 1556 1949 1791 1696 1891 1394 1204 1198 1282 1597 1896 1876 1434 1700 1404 1846 1450 1300 1435 1894 1570 1694 1358 1222 1191 1578 1165 BCNSPRNW ULIB Ver.6.0+V

เปลี่ยนเป็นภาษาไทย

Change to English
 แสดงรายละเอียดบรรณานุกรม
  กลับหน้าหลัก

Brief Record : Get Marc (ISO 2709) : E-mail record : QR code < ปิดหน้าต่าง
LEADER : 00000nam 2200000uu 4500
001    13399109257
003     ULIB
008    110325s2545||||th 000 0 tha d
020    9748317501
060 04 WA540.JT3^bร228 2545
245 00 ระบบสุขภาพที่คนไทยต้องการ(2) /^cบรรณาธิการ, ขวัญใจ เอมใจ,วณี ปิ่นประทีป
246 13 ระบบสุขภาพที่คนไทยต้องการ
246 13 จุดประกายปฏิรูประบบสุขภาพ :^bระบบสุขภาพที่คนไทยต้องการ
250    พิมพ์ครั้งที่ 1
260    นนทบุรี :^bสำนักงานปฏิรูประบบสุขภาพแห่งชาติ,^c2545
300    [6], 86 หน้า ;^c21 ซม.
500    ชื่อเรื่องหลังหน้าปกใน: จุดประกายปฏิรูประบบสุขภาพ :ระบบสุขภาพที่คนไทยต้องการ (2) (สรุปการสัมมนา 6 เวทีภูมิภาคเพื่อการปฏิรูประบบสุขภาพ)
591    LISI มีปี 2545
653    การปฏิรูประบบสุขภาพ
653    ระบบสุขภาพ
653    นโยบายด้านสุขภาพ
700 0  ขวัญใจ เอมใจ,^eบรรณาธิการ
700 0  วณี ปิ่นประทีป
710 2  สำนักงานปฏิรูประบบสุขภาพแห่งชาติ
945    ^p0^l0^i015412
945    ^p0^l0^i015413
945    ^p0^l0^i015411
995    ศพร
999 ^a ใช้งานได้ทุกระบบ
รายการนี้ยังไม่มีแท็ก
คุณยังไม่ได้ล็อกอิน คุณสามารถมีกิจกรรมร่วมกับเว็บไซต์ได้ แต่ต้องล็อกอินก่อน ::
  ล็อกอิน

รายการสื่อสารสนเทศ

ลำดับที่ ประเภท เลขเรียก/บาร์โค้ด สถานที่ สถานะ
- ไม่พบข้อมูล -

BibComment


ยังไม่เคยถูกคอมเมนท์

คอมเมนท์ทรัพยากรรายการนี้
  คอมเมนท์: ระบบสุขภาพที่คนไท..


 Copyright 2026. Bcnsprnw @Library